Statistiques concernant Vocabulaire Anglais (niveau moyen)

Cliquez ici pour prendre le quiz!

Statistiques générales

  • Ce quiz a été pris 96 fois
  • Le résultat moyen est 4 sur 20

Statistiques - réponses

HintRéponse% Correct
avoideviter
85%
anticipateanticiper
83%
assuredlyassurément
83%
achieveréussir
71%
barelya peine
69%
affordableabordable
67%
balanceequilibre
67%
ashamedhonteux
67%
abroadà l'étranger
64%
amusingdivertissant
64%
aimobjectif
62%
apply forpostuler
54%
assumesupposer
50%
attempttenter de
44%
accurateprécis
42%
assortmentassortiment
38%
advocatepréconiser
36%
bankruptfaillite
33%
adviceconseiller
31%
allocateallouer
25%
annulannuler
25%
apologeticdésolé
22%
batchensemble
20%
assessmentévaluation
20%
bargainmarchander
20%
adjournremettre à plus tard
19%
appraiseevaluer
18%
appraisalévaluation
15%
assignmentmission
14%
appealattirer
13%
benefitavantage
13%
bafflingderoutant
13%
alluringséduisant
13%
alterchanger
11%
argueprétendre que
11%
acknowledgeadmettre
9%
abruptbrutal
8%
assessévaluer
8%
auctionvente aux encheres
8%
abide byse conformer
7%
grantssubvention
7%
lifelihoodgagne-pain
6%
assertaffirmer
0%
acuteaigu
0%
advertisementannonce
0%
allayapaiser
0%
allayapaiser
0%
beleagueredassaili
0%
attendassister à
0%
affordavoir les moyens de
0%
albeitbien que
0%
bedlamchahut
0%
assignconfier
0%
adversedéfavorable
0%
appallingépouvantable
0%
astoundingetonnant
0%
avertéviter
0%
arraygamme
0%
anxiousimpatient de
0%
adamantinflexible
0%
awkwardmaladroit
0%
attend toprendre soin de
0%
accountableresponsable
0%
alleviatesoulager
0%
amazingsurprenant
0%

Distribution des résultats

Percentile par nombre de réponses

% des personnes avec chaque résultat

Votre développement - résultats

Vous n’avez pas pris ce quiz